000 00494ntaaa2200193 4500
003 01
005 20251027201735.0
008 0714s1973 ag 01
040 _aAR-BaBN
_bspa
_cAR-BaBN
_eaacr
_dRIC
082 _a239.0000 B83
100 _aBrunner, Emil
_95478
245 _aThe scandal of christianitty
250 _a1 ed.
260 _aPhiladelphia :
_bWestminster Press,
_cc1951
300 _a116 p
500 _aThe Andrew C Zenos memorial lectures
650 _ateologĂ­a
942 _cBK
999 _c12097
_d12097